A girafa que comia estrelas (Registo nº 4512)

Detalhes MARC
000 -Etiqueta do registo
Cabeçalho 00940nam0a2200289 4500
005 - Identificador da versão
Campo de controlo 20240813122104.0
010 ## - Número internacional normalizado dos livros (ISBN)
Número (ISBN) 9789722029421
021 ## - Número do Depósito Legal
Código do país PT
Número 387185/145
003 - Persistent Record Identifier
control field http://porbase.bnportugal.pt/ipac20/ipac.jsp?profile=bn&uri=full=3100024~!2585936~!0
100 ## - Dados gerais de processamento
Dados gerais de processamento 20161103d2014 d y0pory5003 ba
102 ## - Pais de publicação ou produção
País de publicação Portugal
101 0# - Língua de publicação
Língua do texto, banda sonora, etc. Português
215 ## - Descrição física 
Indicação específica da natureza do documento e extensão da espécie [28] p.
Outras indicações físicas il. color
200 1# - Titulo e menção de responsabilidade
Título próprio A girafa que comia estrelas
Informação de outro título estórias para adormecer anjos]
Primeira menção de responsabilidade José Eduardo Agualusa
Outras menções de responsabilidade il. Henrique Cayatte
205 ## - Menção da edição
Menção da edição 16ª ed
210 ## - Publicação, Distribuição, etc. 
Lugar da edição, distribuição, etc. Alfragide
Nome do editor, distribuidor, etc. Dom Quixote
Data da publicação, distribuição, etc. 2015
300 ## - Notas gerais 
Texto da nota Metas Curriculares
Texto da nota PNL
606 ## - Nome comum usado como assunto
Número de registo de entrada de autoridade 0001399
Palavra de ordem Literatura angolana
Subdivisão de assunto Conto
Código do sistema CA
675 ## - Classificação Decimal Universal (CDU)
Notação 821.134.3(673)-34
Edição 3ª ed.
Língua da edição por
702 #1 - Nome de autor-pessoa física (responsabilidade secundária)
Número de registo de entrada de autoridade 0000007
Palavra de ordem Cayatte
Outra parte do nome não tomada para palavra de ordem Henrique
Datas 1957-
Código de função Ilustrador / Técnico de desenho computorizado
700 #1 - Nome de autor-pessoa física (responsabilidade principal)
Número de registo de entrada de autoridade 0001398
Palavra de ordem Agualusa
Outra parte do nome não tomada para palavra de ordem José Eduardo
Datas 1960-
966 ## - Identificação da Biblioteca
Sigla EBVEN
942 ## - Elementos de entrada adicionados (Koha)
Tipo de item no Koha Livro
Exemplares
Situação do levantamento Origin of item (home branch) (coded) Biblioteca de empréstimo Código de barras Cota Circulation type (not for loan) Tipo de documento Nota do exemplar Damaged status
  Biblioteca Escolar das Vendas Biblioteca Escolar das Vendas BEV2525 8EST AGU MET PNL   Livro Sem mensagem